| 000 | 01056pam a2200349 a 4500 | ||
|---|---|---|---|
| 001 | 4355 | ||
| 003 | FISKH | ||
| 005 | 20241119084144.0 | ||
| 008 | 950216s1998 nyua j 000 1 eng | ||
| 010 | _a 95007899 | ||
| 020 | _a0679864431 | ||
| 020 | _a9780679864431 | ||
| 020 | _a0679964436 (lib. ed.) | ||
| 040 |
_aDLC _cDLC _dDLC _beng |
||
| 050 | _aPZ8.H2595 | ||
| 082 | _a470 | ||
| 100 | 1 | _aHouran, Lori Haskins. | |
| 245 | 1 | 0 |
_aToo many dogs! / _cby Lori Haskins ; illustrated by Joe Mathieu. |
| 260 |
_aNew York : _bRandom House, _c1998 |
||
| 300 |
_a32 pages : _bcolor illustrations ; _c23 cm |
||
| 440 | 0 | _aEarly step into reading | |
| 505 | _aD | ||
| 520 | _aA man's barbecue is interrupted when he is visited by a bevy of dogs from the neighborhood. | ||
| 521 | 8 |
_a170
_bLexile |
|
| 521 | 8 |
_aD
_bRaz-Plus |
|
| 650 | 1 |
_aDogs _vFiction. |
|
| 650 | 1 | _aStories in rhyme. | |
| 700 | 1 |
_aMathieu, Joe, _d1949- _eillustrator |
|
| 906 |
_a7 _bcbc _corignew _d1 _eocip _f19 _gy-gencatlg |
||
| 942 |
_2ddc _cBK _n0 |
||
| 999 |
_c4355 _d4355 |
||